Valuation of mineral-bearing land and waste management sites (Record no. 115775)

MARC details
000 -LEADER
fixed length control field 01603cad a22003135a 4500
001 - CONTROL NUMBER
control field L159275
008 - FIXED-LENGTH DATA ELEMENTS--GENERAL INFORMATION
fixed length control field 110720s2016 xxk f 000 0 eng d
020 ## - INTERNATIONAL STANDARD BOOK NUMBER
International Standard Book Number 9781783211487
035 ## - SYSTEM CONTROL NUMBER
System control number (Sirsi) u159275
041 0# - LANGUAGE CODE
Language code of text/sound track or separate title eng
050 04 - LIBRARY OF CONGRESS CALL NUMBER
Classification number 333.339
110 2# - MAIN ENTRY--CORPORATE NAME
Corporate name or jurisdiction name as entry element Royal Institution of Chartered Surveyors
9 (RLIN) 4900
245 00 - TITLE STATEMENT
Title Valuation of mineral-bearing land and waste management sites
Medium [electronic resource]
250 ## - EDITION STATEMENT
Edition statement 2nd edition
260 ## - PUBLICATION, DISTRIBUTION, ETC.
Place of publication, distribution, etc. London
Name of publisher, distributor, etc. RICS
Date of publication, distribution, etc. 2016
490 #0 - SERIES STATEMENT
Series statement RICS Practice Standards, Global
490 #0 - SERIES STATEMENT
Series statement RICS Professional Standard
490 #0 - SERIES STATEMENT
Series statement RICS Guidance Note
520 ## - SUMMARY, ETC.
Summary, etc. Identifies additional matters that valuers need to take into account when valuing natural resource wasting assets, such as mineral deposits, landfill and waste disposal sites.
520 ## - SUMMARY, ETC.
Summary, etc. Supersedes 1st edition (ISBN 978184219699).
520 ## - SUMMARY, ETC.
Summary, etc. This document was originally published in April 2016 as an RICS guidance note and reissued in January 2023 as an RICS professional standard
590 ## - LOCAL NOTE (RLIN)
Local note KA NTK
650 24 - SUBJECT ADDED ENTRY--TOPICAL TERM
Topical term or geographic name entry element RICS VALUATION STANDARDS
651 #4 - SUBJECT ADDED ENTRY--GEOGRAPHIC NAME
Geographic name International
690 ## - LOCAL SUBJECT ADDED ENTRY--TOPICAL TERM (OCLC, RLIN)
Topical term or geographic name as entry element ENVIRONMENTAL AND LAND CONSULTANCY-WASTE MANAGEMENT
856 40 - ELECTRONIC LOCATION AND ACCESS
Uniform Resource Identifier <a href="https://www.rics.org/profession-standards/rics-standards-and-guidance/sector-standards/valuation-standards/valuation-of-mineral-bearing-land-and-waste-management-sites">https://www.rics.org/profession-standards/rics-standards-and-guidance/sector-standards/valuation-standards/valuation-of-mineral-bearing-land-and-waste-management-sites</a>
Public note View updated 2nd edition free on RICS.org
856 40 - ELECTRONIC LOCATION AND ACCESS
Uniform Resource Identifier <a href="https://www.isurv.com/downloads/file/6824/valuation_of_mineral-bearing_land_and_waste_management_sites_2nd_edition">https://www.isurv.com/downloads/file/6824/valuation_of_mineral-bearing_land_and_waste_management_sites_2nd_edition</a>
Public note View as originally published on iSurv (subscription required)
942 ## - ADDED ENTRY ELEMENTS (KOHA)
Suppress in OPAC 0
Source of classification or shelving scheme Dewey Decimal Classification
Holdings
Withdrawn status Lost status Source of classification or shelving scheme Damaged status Not for loan Home library Current library Shelving location Date acquired Total Checkouts Full call number Barcode Date last seen Copy number Price effective from Koha item type
    Dewey Decimal Classification     Virtual Virtual Online 22/04/2016   ONLINE PUBLICATION 159275-2001 23/03/2023 1 06/08/2019 Book
          Virtual Virtual Online 23/03/2023   iSurv   23/03/2023   23/03/2023 Online material